[Event "2nd American Continental"]
[Site "Buenos Aires ARG"]
[Date "2003.08.17"]
[Round "1"]
[White "Gonzalez Garcia, Jose"]
[Black "Lemos, Damian"]
[Result "1-0"]
[WhiteElo "2429"]
[BlackElo "2206"]
[EventDate "2003.08.17"]
[PlyCount "80"]

1.Nf3 Nf6 2.c4 g6 3.Nc3 Bg7 4.d4 O-O 5.Bg5 d6 6.e3 Nbd7 7.Qc2 c6 8.Rd1 Qc7
9.Be2 a6 10.O-O Re8 11.b4 e5 12.dxe5 dxe5 13.Nd2 Nf8 14.c5 a5 15.Bxf6 Bxf6
16.a3 axb4 17.axb4 b5 18.Nde4 Be7 19.Nd6 Rd8 20.Bxb5 cxb5 21.Nd5 Qd7 22.
Nb6 Qc6 23.Ndxc8 Raxc8 24.Nxc8 Rxc8 25.f4 Bf6 26.Qb3 Qe6 27.Qxe6 Nxe6 28.
f5 gxf5 29.Rxf5 Bg7 30.Rd7 f6 31.Rb7 Nc7 32.Kf2 Kf7 33.Kf3 Ke6 34.Ke4 Bh8 
35.Rb6+ Kf7 36.Rc6 Bg7 37.Rf2 Ke7 38.Ra2 f5+ 39.Kxf5 Rf8+ 40.Ke4 Kd7 1-0

[Event "2nd American Continental"]
[Site "Buenos Aires ARG"]
[Date "2003.08.17"]
[Round "1"]
[White "Gulko, Boris"]
[Black "Pedro, Fernando"]
[Result "1-0"]
[WhiteElo "2583"]
[BlackElo "2273"]
[EventDate "2003.08.17"]
[PlyCount "47"]

1.c4 e5 2.Nc3 Nf6 3.Nf3 Nc6 4.g3 Bc5 5.Nxe5 Nxe5 6.d4 Qe7 7.dxe5 Ng4 8.e3 
Nxe5 9.f4 Nc6 10.Bg2 Bb4 11.Qd3 Bxc3+ 12.Qxc3 Qb4 13.Bd2 Qxc3 14.Bxc3 O-O 
15.Kf2 a5 16.c5 Rb8 17.Rac1 b6 18.cxb6 Rxb6 19.b3 Bb7 20.Rhd1 d6 21.Bxc6 
Bxc6 22.Bxa5 Ra6 23.Rd2 Rfa8 24.b4 1-0

[Event "2nd American Continental"]
[Site "Buenos Aires ARG"]
[Date "2003.08.17"]
[Round "1"]
[White "Iregui, Victor"]
[Black "Crosa Coll, Martin"]
[Result "0-1"]
[WhiteElo "2151"]
[BlackElo "2412"]
[EventDate "2003.08.17"]
[PlyCount "86"]

1.Nf3 Nf6 2.b3 g6 3.Bb2 Bg7 4.c4 O-O 5.e3 d6 6.d4 Nbd7 7.Be2 Ne4 8.Nbd2 f5
9.Nxe4 fxe4 10.Nd2 Nf6 11.O-O c6 12.d5 e6 13.dxc6 bxc6 14.c5 d5 15.b4 Bd7 
16.Nb3 Qc7 17.Qd2 e5 18.a4 Rfd8 19.f4 exf3 20.Bxf3 Bf5 21.Qe1 Rab8 22.Qg3 
Ne4 23.Bxe4 Bxe4 24.Bc3 Qe7 25.Rac1 Qe6 26.Na5 Re8 27.Rfe1 Rf8 28.Nb3 Rbe8
29.Nd2 Bd3 30.Nf3 Qf5 31.h3 Re7 32.b5 cxb5 33.c6 Rc8 34.axb5 Bxb5 35.Bb4 
Re6 36.Rc5 Qd3 37.Rec1 Rcxc6 38.Ng5 Rxc5 39.Rxc5 Qf1+ 40.Kh2 Re8 41.Rc7 
Bd3 42.Bd6 Qf6 43.Qh4 h6 0-1

[Event "2nd American Continental"]
[Site "Buenos Aires ARG"]
[Date "2003.08.17"]
[Round "1"]
[White "Ivanov, Alexander"]
[Black "Morgado, Juan Sebastian"]
[Result "1-0"]
[WhiteElo "2538"]
[BlackElo "2275"]
[EventDate "2003.08.17"]
[PlyCount "75"]

1.e4 e5 2.Nf3 Nf6 3.Nc3 Nc6 4.g3 Bc5 5.Bg2 d6 6.d3 O-O 7.Na4 Qe7 8.O-O Bd7
9.Nxc5 dxc5 10.Nh4 Rad8 11.b3 Qd6 12.Kh1 Rfe8 13.h3 Bc8 14.g4 Nd7 15.Nf5 
Qg6 16.h4 h6 17.Be3 b6 18.Rg1 Nd4 19.c3 Ne6 20.Bf3 Kh8 21.Qd2 Ndf8 22.Rad1
Ba6 23.Be2 Rd7 24.g5 hxg5 25.hxg5 Red8 26.c4 Bb7 27.f3 Nd4 28.Bxd4 cxd4 
29.Rg4 Ne6 30.Rh4+ Kg8 31.Rg1 Nf4 32.Bf1 c5 33.Qh2 f6 34.gxf6 Qxf6 35.Nh6+
Kf8 36.Ng4 Qe6 37.Nxe5 Qxe5 38.Rxf4+ 1-0

[Event "2nd American Continental"]
[Site "Buenos Aires ARG"]
[Date "2003.08.17"]
[Round "1"]
[White "Julia, Ernesto"]
[Black "Sagalchik, Olga"]
[Result "1-0"]
[WhiteElo "2387"]
[BlackElo "2111"]
[EventDate "2003.08.17"]
[PlyCount "77"]

1.d4 d5 2.c4 e5 3.dxe5 d4 4.Nf3 Nc6 5.a3 Bg4 6.Nbd2 Qe7 7.h3 Bh5 8.Qa4 
O-O-O 9.b4 Kb8 10.Bb2 Nxe5 11.O-O-O c5 12.e3 f6 13.exd4 Nxf3 14.Nxf3 cxb4 
15.Bd3 bxa3 16.Bc3 Be8 17.Qb3 g6 18.Kc2 Qd7 19.Rb1 Qa4 20.d5 Qxb3+ 21.Kxb3
Bc5 22.Rhe1 h6 23.Nd2 Bxf2 24.Re2 Bg3 25.Ne4 Be5 26.Bxe5+ fxe5 27.Kxa3 Rh7
28.Rf1 Rf7 29.Rfe1 Re7 30.Nc3 Bf7 31.Rf2 g5 32.Ref1 Be8 33.Rf8 Rg7 34.Ne4 
Kc7 35.Nc5 Bd7 36.R1f7 Rxf7 37.Rxf7 Kc8 38.Nxd7 Rxd7 39.Bf5 1-0

[Event "2nd American Continental"]
[Site "Buenos Aires ARG"]
[Date "2003.08.17"]
[Round "1"]
[White "Kaidanov, Gregory"]
[Black "Dobson Aguilar, Luis"]
[Result "1-0"]
[WhiteElo "2638"]
[BlackElo "2330"]
[EventDate "2003.08.17"]
[PlyCount "97"]

1.d4 c5 2.d5 e5 3.e4 d6 4.Nc3 Be7 5.f4 exf4 6.Bxf4 Nf6 7.Bb5+ Bd7 8.e5 
dxe5 9.Bxe5 Bxb5 10.Nxb5 Qa5+ 11.Nc3 Nbd7 12.Nf3 O-O 13.O-O c4 14.Kh1 Bb4 
15.a3 Bxc3 16.Bxc3 Qxd5 17.Qe1 Qe4 18.Qf2 Qg4 19.Rad1 Ne4 20.Qd4 Ndf6 21.
Be1 h6 22.Bh4 Rfd8 23.Qxd8+ Rxd8 24.Rxd8+ Kh7 25.Rd4 Qe6 26.Re1 Qc6 27.
Bxf6 Nxf6 28.c3 Qb5 29.Rd2 Qf5 30.Nd4 Qg5 31.Rde2 Qh5 32.Kg1 Qc5 33.Re7 
Qb6 34.R1e2 Kg8 35.h3 Nd5 36.R7e5 Nf4 37.Rf2 g5 38.Rf5 Qg6 39.Kh2 Nd3 40.
Re2 Qd6+ 41.g3 Qb6 42.Rd5 Qg6 43.Nf5 Qb6 44.Rd6 Qb5 45.Nxh6+ Kh7 46.Nxf7 
Qc5 47.Nxg5+ Qxg5 48.Rd7+ Kg6 49.Re6+ 1-0

[Event "2nd American Continental"]
[Site "Buenos Aires ARG"]
[Date "2003.08.17"]
[Round "1"]
[White "Liascovich, Lucas"]
[Black "Marcolino, Daniel Mattos"]
[Result "1-0"]
[WhiteElo "2310"]
[BlackElo "2055"]
[EventDate "2003.08.17"]
[PlyCount "83"]

1.d4 d5 2.c4 c6 3.Nf3 Nf6 4.Nc3 dxc4 5.e3 b5 6.a4 b4 7.Na2 a5 8.Bxc4 e6 9.
O-O c5 10.Qe2 Qb6 11.Rd1 Bb7 12.Bd2 Nbd7 13.Be1 Be7 14.Nc1 O-O 15.Nb3 Rac8
16.Rac1 Rfd8 17.Bb5 Bd5 18.Nbd2 cxd4 19.exd4 Rxc1 20.Rxc1 Qb7 21.Nc4 Bxf3 
22.gxf3 Qd5 23.Ne5 Nxe5 24.dxe5 Nh5 25.Qe4 Qxe4 26.fxe4 Bg5 27.Rc5 Rd1 28.
Rc8+ Bd8 29.Kf1 Nf4 30.Be2 Nxe2 31.Kxe2 Rd7 32.f4 f6 33.f5 Kf7 34.fxe6+ 
Kxe6 35.Rc6+ Ke7 36.Bh4 Rd4 37.exf6+ Kf7 38.Ke3 Rd1 39.e5 gxf6 40.exf6 Rb1
41.Rd6 Ke8 42.Rxd8+ 1-0

[Event "2nd American Continental"]
[Site "Buenos Aires ARG"]
[Date "2003.08.17"]
[Round "1"]
[White "Lopez Rebert, Pablo"]
[Black "Kanefsck, Gustavo"]
[Result "0-1"]
[WhiteElo "2116"]
[BlackElo "2389"]
[EventDate "2003.08.17"]
[PlyCount "46"]

1.e4 e5 2.Nf3 Nc6 3.d4 exd4 4.c3 d5 5.exd5 Qxd5 6.cxd4 a6 7.Nc3 Qd8 8.Be3 
Nf6 9.Bd3 Be7 10.O-O O-O 11.Ne5 Nb4 12.Bb1 Bd7 13.Qf3 Bc6 14.Qg3 Kh8 15.
Qh3 Nbd5 16.Bg5 Nxc3 17.bxc3 g6 18.Nxg6+ fxg6 19.Bxg6 Qd7 20.Qh4 Rg8 21.
Bxf6+ Bxf6 22.Qxf6+ Qg7 23.Qxg7+ Kxg7 0-1

[Event "2nd American Continental"]
[Site "Buenos Aires ARG"]
[Date "2003.08.17"]
[Round "1"]
[White "Lugo, Blas"]
[Black "Needleman, Gaston"]
[Result "1-0"]
[WhiteElo "2416"]
[BlackElo "2155"]
[EventDate "2003.08.17"]
[PlyCount "69"]

1.e4 c5 2.Nf3 e6 3.Nc3 Nc6 4.Bb5 Nge7 5.O-O a6 6.Bxc6 Nxc6 7.d4 cxd4 8.
Nxd4 Qc7 9.Nxc6 bxc6 10.Re1 e5 11.Qh5 g6 12.Qh4 Qd8 13.Bg5 Be7 14.Qg3 d6 
15.Bh6 Bb7 16.Rad1 Qc7 17.Qe3 O-O-O 18.b4 d5 19.exd5 cxd5 20.Bg7 d4 21.
Qh3+ f5 22.Bxe5 Qc6 23.Bxh8 Rxh8 24.Rxe7 dxc3 25.Rdd7 Rd8 26.Rc7+ Qxc7 27.
Rxc7+ Kxc7 28.Qxc3+ Kb8 29.h3 Rc8 30.Qe5+ Ka8 31.c3 Rd8 32.c4 Rd1+ 33.Kh2 
Rb1 34.Qe7 Rb2 35.Qd8+ 1-0

[Event "2nd American Continental"]
[Site "Buenos Aires ARG"]
[Date "2003.08.17"]
[Round "1"]
[White "Marcolino, Antonio Claudio"]
[Black "Llanos, Guillermo"]
[Result "0-1"]
[WhiteElo "2122"]
[BlackElo "2398"]
[EventDate "2003.08.17"]
[PlyCount "108"]

1.d4 d5 2.c4 e6 3.Nc3 Nf6 4.Bg5 Be7 5.cxd5 Nxd5 6.Bxe7 Qxe7 7.Nf3 O-O 8.e3
Nd7 9.Rc1 Nxc3 10.Rxc3 c6 11.Bd3 e5 12.dxe5 Nxe5 13.Nxe5 Qxe5 14.O-O Bf5 
15.Qc2 Bxd3 16.Rxd3 Rad8 17.Rfd1 Rxd3 18.Rxd3 Qa5 19.g3 Qxa2 20.Ra3 Qd5 
21.e4 Qd4 22.Rb3 Qd7 23.Rd3 Qe7 24.Rd4 Rd8 25.Rxd8+ Qxd8 26.Qc5 a6 27.Qe5 
g6 28.f4 Qd1+ 29.Kg2 Qd7 30.Kg1 Qe6 31.Qb8+ Kg7 32.Qxb7 Qxe4 33.Qb6 h5 34.
b3 a5 35.Qxa5 Qb1+ 36.Kf2 Qxb3 37.Qe5+ Kh7 38.Qf6 c5 39.Qe7 Qd5 40.h3 Qd4+
41.Kf3 Qc3+ 42.Kf2 Kg7 43.g4 hxg4 44.hxg4 Qd2+ 45.Kf3 Qd1+ 46.Kg3 Qd3+ 47.
Kf2 Qd2+ 48.Kf3 Qd3+ 49.Kf2 Qd4+ 50.Kf3 c4 51.f5 c3 52.fxg6 Kxg6 53.Qe8 
Kg7 54.Qe7 Qf6+ 0-1

[Event "2nd American Continental"]
[Site "Buenos Aires ARG"]
[Date "2003.08.17"]
[Round "1"]
[White "Mazziotti Irigoyen, Gabriel"]
[Black "Rosito, Jorge"]
[Result "0-1"]
[WhiteElo "2238"]
[BlackElo "2426"]
[EventDate "2003.08.17"]
[PlyCount "82"]

1.e4 c5 2.Nf3 d6 3.d4 Nf6 4.Nc3 cxd4 5.Nxd4 Nc6 6.Be2 e5 7.Nb3 Be7 8.Be3 
Be6 9.O-O O-O 10.f4 exf4 11.Rxf4 Nd7 12.Nd4 Nxd4 13.Bxd4 Ne5 14.Rf1 Bf6 
15.Nd5 Bxd5 16.exd5 g6 17.b4 Bg7 18.c4 Qh4 19.Bf2 Qe4 20.Rc1 a5 21.Qc2 
Qxc2 22.Rxc2 axb4 23.Rb1 Ra4 24.Be1 Rfa8 25.Bxb4 Rxa2 26.Rxa2 Rxa2 27.Kf1 
Bf8 28.Bc3 Rc2 29.Bxe5 dxe5 30.Ke1 e4 31.Kd1 Ra2 32.Rxb7 Bh6 33.Rb8+ Kg7 
34.Rb1 Kf6 35.Ke1 Ke5 36.Rd1 Bf8 37.Rb1 f5 38.Rb8 Bc5 39.Re8+ Kd4 40.Re6 
Ke3 41.Kd1 Rxe2 0-1

[Event "2nd American Continental"]
[Site "Buenos Aires ARG"]
[Date "2003.08.17"]
[Round "1"]
[White "Milos, Gilberto"]
[Black "Estrada Nieto, Julian"]
[Result "1-0"]
[WhiteElo "2592"]
[BlackElo "2332"]
[EventDate "2003.08.17"]
[PlyCount "119"]

1.e4 e5 2.Nf3 Nc6 3.Bb5 a6 4.Ba4 Nf6 5.O-O Be7 6.Re1 b5 7.Bb3 d6 8.c3 O-O 
9.h3 Na5 10.Bc2 c5 11.d4 Qc7 12.Nbd2 Rd8 13.d5 c4 14.Nf1 Nb7 15.g4 Nc5 16.
Ng3 a5 17.Bd2 Bd7 18.Kh1 Rdb8 19.a3 g6 20.Qe2 Kh8 21.Ng5 Be8 22.f4 exf4 
23.Bxf4 Nfd7 24.Rf1 f6 25.Nf3 Bf7 26.Nd4 Bf8 27.Be3 Bg7 28.h4 Ne5 29.h5 
Qd7 30.hxg6 hxg6 31.Ngf5 gxf5 32.gxf5 Kg8 33.Rg1 Kf8 34.Qh2 Ke7 35.Rxg7 
Rh8 36.Rh7 Rxh7 37.Qxh7 Rg8 38.Rg1 Qe8 39.Rxg8 Qxg8 40.Qxg8 Bxg8 41.Kg2 
Ncd3 42.Kf1 b4 43.Ke2 Bf7 44.Kd2 b3 45.Nxb3 Nf3+ 46.Ke2 Bh5 47.Bxd3 Ne5+ 
48.Kd2 Nxd3 49.Nxa5 Nxb2 50.Nc6+ Kd7 51.Bd4 Bf3 52.Ke3 Bh1 53.Bxf6 Nd1+ 
54.Kd4 Nf2 55.e5 dxe5+ 56.Nxe5+ Kc7 57.Be7 Ne4 58.a4 Ng3 59.d6+ Kb7 60.f6 
1-0

[Event "2nd American Continental"]
[Site "Buenos Aires ARG"]
[Date "2003.08.17"]
[Round "1"]
[White "Morovic Fernandez, Ivan"]
[Black "Bielicki, Carlos"]
[Result "1-0"]
[WhiteElo "2573"]
[BlackElo "2289"]
[EventDate "2003.08.17"]
[PlyCount "119"]

1.d4 Nf6 2.c4 e6 3.Nc3 Bb4 4.Qc2 O-O 5.a3 Bxc3+ 6.Qxc3 b6 7.Bg5 Bb7 8.e3 
d6 9.Ne2 Nbd7 10.Qd3 h6 11.Bh4 Re8 12.Nc3 Nf8 13.O-O-O Ng6 14.Bg3 e5 15.d5
Qe7 16.Qc2 Nh5 17.Be2 Nf6 18.Bd3 e4 19.Be2 a6 20.Rd4 Bc8 21.h4 h5 22.Qd1 
Bf5 23.Bxh5 Nxh5 24.Qxh5 Qd7 25.Qe2 Bg4 26.f3 exf3 27.gxf3 Bh5 28.Qf2 Ne5 
29.Bxe5 dxe5 30.Rd2 Qf5 31.Rf1 Rad8 32.Qg3 Rd6 33.e4 Rg6 34.Qh2 Qd7 35.Rg2
Rxg2 36.Qxg2 Qe7 37.Qf2 Qf6 38.Kc2 Bg6 39.Qg3 Qd6 40.Rg1 Qf6 41.Qg4 Bh7 
42.Ne2 Kh8 43.Qg5 Qxg5 44.hxg5 Kg8 45.Kd3 Bg6 46.Ke3 Kf8 47.Rh1 Ke7 48.b4 
Kd7 49.Ng3 a5 50.bxa5 Ra8 51.axb6 Rxa3+ 52.Kf2 cxb6 53.Nf5 Rc3 54.Ne3 Rb3 
55.Rh8 Rb2+ 56.Kg3 Rb3 57.Ng4 Bxe4 58.Nxe5+ Kc7 59.Kf4 Bd3 60.d6+ 1-0

[Event "2nd American Continental"]
[Site "Buenos Aires ARG"]
[Date "2003.08.17"]
[Round "1"]
[White "Nogueiras Santiago, Jesus"]
[Black "Lujan, Carolina"]
[Result "1/2-1/2"]
[WhiteElo "2521"]
[BlackElo "2263"]
[EventDate "2003.08.17"]
[PlyCount "29"]

1.c4 Nf6 2.Nc3 d5 3.cxd5 Nxd5 4.g3 g6 5.Bg2 Nxc3 6.bxc3 Bg7 7.h4 h6 8.Qb3 
Nc6 9.Ba3 O-O 10.Nh3 Re8 11.Nf4 e5 12.Nd5 Be6 13.e4 b6 14.Qc4 Na5 15.Qxc7 
1/2-1/2

[Event "2nd American Continental"]
[Site "Buenos Aires ARG"]
[Date "2003.08.17"]
[Round "1"]
[White "Ojeda, Hernan"]
[Black "Valerga, Diego"]
[Result "1-0"]
[WhiteElo "2226"]
[BlackElo "2496"]
[EventDate "2003.08.17"]
[PlyCount "115"]

1.Nf3 Nf6 2.g3 g6 3.Bg2 Bg7 4.O-O O-O 5.d3 d6 6.Nc3 e5 7.e4 c6 8.Ne1 d5 9.
Bg5 dxe4 10.Nxe4 Nbd7 11.Nf3 Qb6 12.Nd6 Qc7 13.Nxc8 Raxc8 14.Nd2 h6 15.Be3
Nd5 16.Nc4 Nxe3 17.fxe3 Rcd8 18.Qe2 h5 19.Rf2 Nf6 20.e4 Qe7 21.Raf1 Ne8 
22.Bh3 Bh6 23.Ne3 Ng7 24.Ng2 Ne6 25.Bxe6 Qxe6 26.Nh4 Rd6 27.b3 b6 28.Rg2 
Qe7 29.a4 Rf6 30.Rgf2 Rxf2 31.Qxf2 Bg7 32.Qe3 Rd8 33.Kg2 Rd6 34.Nf3 Rf6 
35.Qg5 Qc5 36.Qd2 Bf8 37.c3 Qe7 38.b4 Rd6 39.Qc2 Bg7 40.h4 Qd7 41.Ne1 Bh6 
42.Qa2 Kg7 43.a5 b5 44.Qf2 Qe7 45.Qc5 Re6 46.Qf2 Rf6 47.Nf3 Kg8 48.d4 exd4
49.e5 Rf5 50.Qxd4 Bf8 51.Rd1 f6 52.Qd7 fxe5 53.Qxc6 Rf6 54.Qxb5 e4 55.Ng5 
e3 56.Rd7 Rf2+ 57.Kg1 Qf6 58.Qd5+ 1-0

[Event "2nd American Continental"]
[Site "Buenos Aires ARG"]
[Date "2003.08.17"]
[Round "1"]
[White "Plazaola, Maria De los Angeles"]
[Black "Frey Perez, Hugo"]
[Result "0-1"]
[WhiteElo "2047"]
[BlackElo "2342"]
[EventDate "2003.08.17"]
[PlyCount "88"]

1.e4 c5 2.Nf3 Nc6 3.d4 cxd4 4.Nxd4 g6 5.Nc3 Bg7 6.Be3 Nf6 7.Be2 O-O 8.O-O 
d6 9.Qd2 Ng4 10.Bxg4 Bxg4 11.f4 Bd7 12.f5 Ne5 13.Bg5 h6 14.Bxe7 Qxe7 15.f6
Qd8 16.fxg7 Kxg7 17.Kh1 Qg5 18.Qf4 Bc6 19.Rad1 Rad8 20.Rd2 Qxf4 21.Rxf4 
Nc4 22.Rdf2 Nxb2 23.Nd5 Bxd5 24.exd5 a6 25.Kg1 Rde8 26.g3 Nd1 27.R2f3 Re1+
28.Kg2 Ree8 29.Rd3 Ne3+ 30.Kf2 g5 31.Nf5+ Kg6 32.Nxe3 gxf4 33.gxf4 Re4 34.
Kf3 f5 35.Rb3 b5 36.Rc3 Rfe8 37.a3 Kf6 38.h3 R8e7 39.Rd3 Ra4 40.Nd1 Ree4 
41.Nc3 Rxf4+ 42.Kg3 Rac4 43.Rf3 Kg5 44.Rd3 Rfd4 0-1

[Event "2nd American Continental"]
[Site "Buenos Aires ARG"]
[Date "2003.08.17"]
[Round "1"]
[White "Ramirez Alvarez, Alejandro"]
[Black "Bibiloni, Jorge Jaime"]
[Result "1-0"]
[WhiteElo "2450"]
[BlackElo "2203"]
[EventDate "2003.08.17"]
[PlyCount "99"]

1.d4 d5 2.c4 e6 3.Nc3 c5 4.cxd5 exd5 5.Nf3 Nc6 6.g3 Nf6 7.Bg2 c4 8.O-O Be7
9.Ne5 O-O 10.Bg5 Be6 11.b3 cxb3 12.Nxc6 bxc6 13.axb3 h6 14.Bf4 Qd7 15.Ra6 
Qb7 16.Qa1 Bc8 17.Ra4 Bf5 18.Qb2 Rfe8 19.Rfa1 Bd8 20.b4 Bb6 21.b5 Ne4 22.
bxc6 Qxc6 23.Nb5 Re7 24.Qb4 Rd7 25.Rc1 Qe6 26.Ra6 Ng5 27.Nc7 Rxc7 28.Bxc7 
Qxe2 29.Ra3 Bxc7 30.Re3 Qa2 31.Rxc7 Ne4 32.Bxe4 Bxe4 33.Rc1 a5 34.Qa3 Qd2 
35.Qc3 Qxc3 36.Rexc3 Bf5 37.Ra3 a4 38.Kf1 Rb8 39.Rxa4 Rb2 40.h4 Bd3+ 41.
Kg1 h5 42.Rd1 Bc2 43.Ra8+ Kh7 44.Rd2 Rb1+ 45.Kg2 Bf5 46.Kf3 Rb3+ 47.Kf4 
Be6 48.Ke5 Rf3 49.Rc2 Rf5+ 50.Kd6 1-0

[Event "2nd American Continental"]
[Site "Buenos Aires ARG"]
[Date "2003.08.17"]
[Round "1"]
[White "Restuccia, Francisco"]
[Black "Vasquez Schroder, Rodrigo"]
[Result "0-1"]
[WhiteElo "2239"]
[BlackElo "2514"]
[EventDate "2003.08.17"]
[PlyCount "74"]

1.e4 c5 2.d4 cxd4 3.c3 d3 4.c4 Nc6 5.Bxd3 g6 6.Nc3 Bg7 7.Nf3 d6 8.h3 Nf6 
9.O-O O-O 10.Re1 b6 11.Bf4 Bb7 12.Qd2 Nd7 13.Rad1 Rc8 14.Bh6 Nde5 15.Nxe5 
dxe5 16.Bxg7 Kxg7 17.Qg5 h6 18.Qg3 e6 19.Bb1 Qe7 20.b3 Rfd8 21.f4 exf4 22.
Qxf4 Qf6 23.Qxf6+ Kxf6 24.Rf1+ Ke7 25.Kf2 Ne5 26.Ke3 Bc6 27.Rxd8 Rxd8 28.
Rf2 a5 29.Bc2 Rc8 30.a4 Rd8 31.Ne2 f5 32.Rf1 g5 33.g3 fxe4 34.Bxe4 Bxa4 
35.Nd4 Bd7 36.Bg2 a4 37.Ke4 Nc6 0-1

[Event "2nd American Continental"]
[Site "Buenos Aires ARG"]
[Date "2003.08.17"]
[Round "1"]
[White "Romero, Leandro"]
[Black "Mahia, Gustavo"]
[Result "0-1"]
[WhiteElo "2096"]
[BlackElo "2377"]
[EventDate "2003.08.17"]
[PlyCount "88"]

1.e4 c5 2.Nf3 e6 3.d4 cxd4 4.Nxd4 a6 5.Bd3 Qb6 6.Nb3 Nc6 7.Nc3 Qc7 8.a4 
Nf6 9.O-O b6 10.f4 d6 11.Be3 Be7 12.Qf3 O-O 13.g4 Re8 14.Rad1 Bf8 15.Qg3 
Nb4 16.g5 Nd7 17.f5 exf5 18.exf5 Bb7 19.Nd4 Ne5 20.Nce2 Nbxd3 21.cxd3 Qd7 
22.b3 Rac8 23.Bf4 Ba8 24.Rc1 Rc5 25.f6 g6 26.Nc3 Qb7 27.Rfd1 Rec8 28.Nde2 
h6 29.gxh6 Nf3+ 30.Kf2 Nd4 31.Nxd4 Rxc3 32.Rxc3 Rxc3 33.Bd2 Rc5 34.Bf4 Qd5
35.Be3 Bxh6 36.Ne2 Bxe3+ 37.Kxe3 Qe6+ 38.Kd2 Qxf6 39.d4 Rg5 40.Qe3 Bd5 41.
Rc1 Rg2 42.Rc8+ Kg7 43.Kc3 Rf2 44.Ng1 Qf5 0-1

[Event "2nd American Continental"]
[Site "Buenos Aires ARG"]
[Date "2003.08.17"]
[Round "1"]
[White "Roselli Mailhe, Bernardo"]
[Black "Vera Insfran, Jorge"]
[Result "1-0"]
[WhiteElo "2440"]
[BlackElo "2189"]
[EventDate "2003.08.17"]
[PlyCount "137"]

1.e4 c5 2.Nc3 Nc6 3.g3 g6 4.Bg2 Bg7 5.d3 d6 6.f4 e6 7.Nf3 Nge7 8.O-O O-O 
9.Be3 Nd4 10.Bf2 Nec6 11.Nxd4 Nxd4 12.e5 d5 13.Na4 b6 14.b4 Qe8 15.c3 Bd7 
16.Nb2 Nb5 17.Qb3 cxb4 18.cxb4 Qe7 19.Rfc1 Rfc8 20.a4 Nc7 21.d4 b5 22.Bf1 
Bf8 23.Be1 Na6 24.Rxc8 Rxc8 25.axb5 Nxb4 26.Rxa7 Rc1 27.Bxb4 Rxf1+ 28.Kxf1
Bxb5+ 29.Kg2 Qxa7 30.Bxf8 Qxd4 31.Qxb5 Qd2+ 32.Kf3 Kxf8 33.Qe2 Qc1 34.Kg2 
h5 35.Nd3 Qc4 36.Qe3 Kg7 37.Ne1 Qa2+ 38.Qf2 Qb1 39.Nf3 Qe4 40.Qe1 Qc2+ 41.
Qd2 Qe4 42.h3 Qb1 43.g4 hxg4 44.hxg4 Qe4 45.Kg3 Qb1 46.Qe3 Qf1 47.f5 exf5 
48.gxf5 gxf5 49.Qg5+ Kf8 50.Qd8+ Kg7 51.Qf6+ Kg8 52.Qxf5 Qd1 53.Kg4 d4 54.
Qg5+ Kh7 55.Qh4+ Kg7 56.Qf6+ Kg8 57.Qd8+ Kh7 58.Qxd4 Qe2 59.Kf4 Qa2 60.Qb6
Qc4+ 61.Qd4 Qa2 62.Ng5+ Kh6 63.Qd6+ Kh5 64.Nf3 Qc4+ 65.Qd4 Qb3 66.Qg1 Qb4+
67.Kf5 Kh6 68.Qg5+ Kh7 69.Qh4+ 1-0

[Event "2nd American Continental"]
[Site "Buenos Aires ARG"]
[Date "2003.08.17"]
[Round "1"]
[White "Sagalchik, Gennady"]
[Black "Rodi, Luis Ernesto"]
[Result "1-0"]
[WhiteElo "2491"]
[BlackElo "2221"]
[EventDate "2003.08.17"]
[PlyCount "59"]

1.d4 f5 2.Nc3 d5 3.Bg5 g6 4.Qd2 Bg7 5.h4 Be6 6.Nf3 c6 7.Bf4 Nd7 8.h5 Ngf6 
9.h6 Bf8 10.Ne5 Ne4 11.Nxe4 dxe4 12.f3 exf3 13.exf3 Nf6 14.a3 Nd5 15.Bh2 
Rg8 16.O-O-O Nb6 17.Re1 a6 18.c4 Qc8 19.Bd3 Nd7 20.Kb1 b5 21.d5 cxd5 22.
cxd5 Nxe5 23.Rxe5 Bf7 24.g4 fxg4 25.Be4 Ra7 26.Rc1 Qd8 27.d6 Rd7 28.Bc6 
Bc4 29.dxe7 Bxe7 30.Rce1 1-0

[Event "2nd American Continental"]
[Site "Buenos Aires ARG"]
[Date "2003.08.17"]
[Round "1"]
[White "Schneider, Dmitry"]
[Black "Varela, Daniel"]
[Result "1-0"]
[WhiteElo "2425"]
[BlackElo "2164"]
[EventDate "2003.08.17"]
[PlyCount "71"]

1.e4 c5 2.Nf3 Nc6 3.d4 cxd4 4.Nxd4 Nf6 5.Nc3 e5 6.Ndb5 d6 7.Bg5 a6 8.Na3 
b5 9.Nd5 Qa5+ 10.Bd2 Qd8 11.c4 Nxd5 12.exd5 Nd4 13.cxb5 Be7 14.Bc3 O-O 15.
bxa6 f5 16.Bd3 f4 17.Bxd4 exd4 18.O-O f3 19.g3 Bg4 20.Re1 Bf6 21.Qc2 h5 
22.Nb5 Rc8 23.Qa4 h4 24.Nxd4 hxg3 25.hxg3 Be5 26.Nc6 Qg5 27.Nxe5 dxe5 28.
d6 Bf5 29.d7 Bxd3 30.dxc8=Q Rxc8 31.Qb3+ Bc4 32.Qxf3 Bxa6 33.Qd5+ Kh7 34.
Rxe5 Rc1+ 35.Rxc1 Qxc1+ 36.Kh2 1-0

[Event "2nd American Continental"]
[Site "Buenos Aires ARG"]
[Date "2003.08.17"]
[Round "1"]
[White "Sorin, Ariel"]
[Black "Demaria, Juan Pablo"]
[Result "0-1"]
[WhiteElo "2519"]
[BlackElo "2242"]
[EventDate "2003.08.17"]
[PlyCount "88"]

1.d4 Nf6 2.c4 e6 3.Nf3 b6 4.g3 Ba6 5.Qa4 c6 6.Nc3 d5 7.cxd5 exd5 8.Ne5 b5 
9.Qd1 Be7 10.Bg2 O-O 11.Bg5 Re8 12.O-O Bb7 13.Rc1 Nbd7 14.f4 h6 15.Bh4 Qb6
16.e3 Rad8 17.Kh1 c5 18.g4 cxd4 19.exd4 Ne4 20.Be1 Ndf6 21.Ne2 Rc8 22.h4 
Bd6 23.g5 Bxe5 24.Rxc8 Rxc8 25.fxe5 Ng4 26.Qb3 Rc7 27.Bh3 Bc8 28.Qf3 h5 
29.Bg2 g6 30.Qa3 Qb7 31.Ng3 Nxg3+ 32.Bxg3 Be6 33.Be1 Qc8 34.Bb4 Rc2 35.Qb3
Qc4 36.Qxc4 bxc4 37.Bc3 Ne3 38.Rg1 Bg4 39.Kh2 Bf3 40.Kg3 Bxg2 41.e6 fxe6 
42.Kf4 Ng4 43.a4 Rf2+ 44.Kg3 Be4 0-1

[Event "2nd American Continental"]
[Site "Buenos Aires ARG"]
[Date "2003.08.17"]
[Round "1"]
[White "Sosa Harrison, Jorge"]
[Black "Shabalov, Alexander"]
[Result "0-1"]
[WhiteElo "2294"]
[BlackElo "2575"]
[EventDate "2003.08.17"]
[PlyCount "102"]

1.Nf3 d5 2.b3 Bg4 3.Bb2 Nd7 4.g3 e6 5.Bg2 Ngf6 6.O-O Bc5 7.d4 Bd6 8.Nbd2 
O-O 9.Re1 c5 10.e4 cxd4 11.exd5 e5 12.h3 Bh5 13.g4 Bg6 14.Nh4 Re8 15.Nxg6 
hxg6 16.c3 dxc3 17.Bxc3 b5 18.b4 Nb6 19.Nb3 Rc8 20.Qd3 e4 21.Bxf6 Qxf6 22.
Rxe4 Rxe4 23.Qxe4 Rc4 24.Qe8+ Kh7 25.Re1 Bxb4 26.Re3 a5 27.Rf3 Qd6 28.Qxb5
a4 29.Bf1 Rc7 30.Nd4 Nxd5 31.Qxa4 Nc3 32.Rxc3 Rxc3 33.Nb5 Rg3+ 34.fxg3 
Qxg3+ 35.Kh1 Qe1 36.Kg2 Qe4+ 37.Kh2 Bd6+ 38.Nxd6 Qxa4 39.Nc4 Qxa2+ 40.Kg3 
Qa7 41.Kf3 Qb7+ 42.Kf2 Qe4 43.Ne3 Qf4+ 44.Ke2 f5 45.Bg2 Qg3 46.Bf1 f4 47.
Nd1 f3+ 48.Kd2 Qf4+ 49.Ke1 Qc1 50.Bd3 f2+ 51.Kxf2 Qxd1 0-1

[Event "2nd American Continental"]
[Site "Buenos Aires ARG"]
[Date "2003.08.17"]
[Round "1"]
[White "Spangenberg, Hugo"]
[Black "Bronstein, Luis Marcos"]
[Result "1/2-1/2"]
[WhiteElo "2495"]
[BlackElo "2325"]
[EventDate "2003.08.17"]
[PlyCount "107"]

1.e4 c5 2.Nf3 d6 3.d4 cxd4 4.Nxd4 Nf6 5.Nc3 Nc6 6.g3 e6 7.Bg2 Bd7 8.O-O 
Be7 9.Nb3 a6 10.f4 Qb6+ 11.Kh1 h5 12.h3 Ng4 13.Qe2 Nd4 14.Nxd4 Qxd4 15.Bd2
Bd8 16.Bf3 Bb6 17.Rae1 O-O-O 18.Kg2 Rh7 19.b3 Bc6 20.a4 Nf6 21.Be3 Qxe3 
22.Qxe3 Bxe3 23.Rxe3 d5 24.exd5 Nxd5 25.Rd3 Nxc3 26.Rxc3 Kc7 27.Bxc6 bxc6 
28.Re1 Rd4 29.Re5 Rd5 30.Re4 Rh8 31.Rec4 Rd6 32.Rc5 g6 33.Kf3 Rb8 34.Ke4 
f6 35.g4 hxg4 36.hxg4 Rb4+ 37.Ke3 Kb6 38.g5 f5 39.a5+ Kb7 40.R3c4 Rxc4 41.
Rxc4 Rd5 42.b4 e5 43.fxe5 Rxe5+ 44.Kf3 Kc7 45.Rh4 c5 46.Rh7+ Kc6 47.Ra7 
cxb4 48.Rxa6+ Kd7 49.Ra8 Kc7 50.a6 Kb6 51.a7 Rc5 52.Rg8 Kxa7 53.Rg7+ Ka6 
54.Rxg6+ 1/2-1/2

[Event "2nd American Continental"]
[Site "Buenos Aires ARG"]
[Date "2003.08.17"]
[Round "1"]
[White "Tempone, Marcelo"]
[Black "Orsini, Antonio"]
[Result "1-0"]
[WhiteElo "2437"]
[BlackElo "2181"]
[EventDate "2003.08.17"]
[PlyCount "35"]

1.c4 Nf6 2.g3 c5 3.Bg2 d5 4.cxd5 Nxd5 5.Nc3 Nc7 6.d3 e5 7.Nf3 Nc6 8.O-O 
Be7 9.Be3 O-O 10.a3 Be6 11.Rc1 Qd7 12.Na4 b6 13.b4 cxb4 14.axb4 Bd5 15.Bd2
f6 16.e4 Bf7 17.Qc2 Be8 18.b5 1-0

[Event "2nd American Continental"]
[Site "Buenos Aires ARG"]
[Date "2003.08.17"]
[Round "1"]
[White "Toloza Soto, Pablo"]
[Black "Lanza, Diego"]
[Result "0-1"]
[WhiteElo "2374"]
[BlackElo "2067"]
[EventDate "2003.08.17"]
[PlyCount "82"]

1.Nf3 Nf6 2.g3 g6 3.b3 Bg7 4.Bb2 d6 5.d4 O-O 6.Bg2 Nbd7 7.c4 Rb8 8.Nc3 a6 
9.O-O b5 10.cxb5 axb5 11.Nd2 c5 12.dxc5 Nxc5 13.b4 Na6 14.a3 Bb7 15.e4 Qb6
16.Qe2 Nd7 17.Nd5 Bxd5 18.Bxg7 Kxg7 19.exd5 Ne5 20.Kh1 h5 21.h3 Rh8 22.
Rac1 Qa7 23.Rc3 Rb7 24.Re3 Nb8 25.f4 Nc4 26.Nxc4 bxc4 27.f5 g5 28.Rxe7 
Rxe7 29.f6+ Kf8 30.fxe7+ Qxe7 31.Qxc4 Nd7 32.a4 Kg7 33.a5 Qe5 34.Qc7 Nf6 
35.a6 g4 36.Qc4 gxh3 37.Bxh3 Ne4 38.Rf4 Nxg3+ 39.Kh2 Ne2 40.Qe4 Qxf4+ 41.
Qxf4 Nxf4 0-1